000 01026nam a2200241 a 4500
001 000023699
005 20200930022410.0
008 101220s2000 cu a r 000 0 spa d
020 _a9597078163
040 _aDO-SdBNP
_bspa
_cBNPHU
041 1 7 _aspa
_heng
_2Código de idioma MARC
082 _a972.91
_bH474q
100 1 _aHelg, Aline
_948814
240 1 0 _aOur rightful share : the Afro-Cuban struggle for equality, 1886-1912.
_lEspañol.
245 1 0 _aLo que nos corresponde :
_bla lucha de los negras y mulatos por la igualda en Cuba, 1886-1912 /
_cAline Helg ; traducción, José Antonio Tabares del Real.
260 _aLa Habana, Cuba :
_bImagen Contemporánea,
_c2000.
300 _axi, 371 p. :
_bil. retrs. ;
_c23 cm.
534 _aTítulo original.
_tOur rightful share : the Afro-Cuban struggle for equality, 1886-1912.
500 _aIncluye referencia bibliográficas y notas al pie de las páginas
650 4 _aCuba
_xHistoria
_923448
700 1 _aTabares del Real, José Antonio
_etr.
_948815
049 _aBNGR
999 _c23195
_d23195